000 00715nam a2200229Ia 4500
005 20240320140107.0
008 131103s9999 xx 000 0 und d
020 _a8178081652
_cRs.525.00
040 _aLoreto College
041 _aEnglish
082 _a004.6
_bSTE
100 _aStevens,W.Richard
245 _aTCP/IP illustrated,volume 2
_b The implementation
_cW.Richard Stevens and Gary R.Wright
260 _aDelhi
_bPearson Education
_c2004
300 _axxii,1174p
440 _aAddison-Wesley professional computing series
504 _aIncludes bibliographical references and index
650 _aTCP/IP(Computer Network Protocols)
700 _aWright,Gary R.
850 _aLCLIB
942 _cBK
999 _c34916
_d85395